Trygve Haavelmo. Seriál o nositelích Nobelovy ceny za ekonomii.

Nórsky ekonóm Trygve Haavelmo získal Nobelovu cenu v r. 1989 za objasnenie pravdepodobnostných základov ekonometrie a za analýzu simultánnych ekonomických štruktúr. Okrem čisto teoreticko-metodologických problémov ekonometrie sa zaoberal aj výskumom teórie investícií a teóriou rozvoja menej vyspelýc...

Full description

Saved in:
Bibliographic Details
Main Author: Jonáš, Jiří
Format: Book Chapter
Language:Czech
Subjects:
Tags: Add Tag
No Tags, Be the first to tag this record!

MARC

LEADER 00000naa a2200000 4500
001 r001089
005 20230221123141.6
041 0 |a cze 
044 |a [CS] 
245 1 0 |a Trygve Haavelmo.  |b Seriál o nositelích Nobelovy ceny za ekonomii.  |c Jiří Jonáš 
520 |a Nórsky ekonóm Trygve Haavelmo získal Nobelovu cenu v r. 1989 za objasnenie pravdepodobnostných základov ekonometrie a za analýzu simultánnych ekonomických štruktúr. Okrem čisto teoreticko-metodologických problémov ekonometrie sa zaoberal aj výskumom teórie investícií a teóriou rozvoja menej vyspelých krajín. 
610 2 0 |a Haavelmo, T. 
610 2 0 |a Nobelova cena 
610 2 0 |a 1989 
610 2 0 |a ekonometria 
610 2 0 |a veda ekonomická 
610 2 0 |a Nórsko 
100 1 |a Jonáš, Jiří